|
|
|
|
| LEADER |
01534nam a2200421 a 4500 |
| 001 |
7669 |
| 003 |
BD-DhAAL |
| 005 |
20151111121448.0 |
| 008 |
151111s2009 nyu 000 1 eng |
| 010 |
|
|
|a 2009042376
|
| 020 |
|
|
|a 9781416595168 (hardcover)
|
| 020 |
|
|
|a 9781416595175 (mass market pbk.)
|
| 020 |
|
|
|z 9781442305717 (segment e-audio)
|
| 020 |
|
|
|z 9781442303942 (cd)
|
| 020 |
|
|
|z 9780743596848 (e-audio)
|
| 020 |
|
|
|z 9780743596831 (unabridged cd)
|
| 020 |
|
|
|z 9780743596817 (abridged cd)
|
| 020 |
|
|
|z 9780743596824 (audioworks e-audio)
|
| 020 |
|
|
|z 9780743597753 (library e-audio)
|
| 020 |
|
|
|z 9781439100509 (ebook)
|
| 040 |
|
|
|a DLC
|c DLC
|d DLC
|d BD-DhAAL
|
| 050 |
0 |
0 |
|a PS3556.L94
|b P87 2009b
|
| 082 |
0 |
0 |
|a 813/.54
|2 22
|
| 100 |
1 |
|
|a Flynn, Vince,
|d 1966-2013.
|9 16111
|
| 245 |
1 |
0 |
|a Pursuit of honor :
|b a novel /
|c Vince Flynn.
|
| 260 |
|
|
|a New York :
|b Atria Books,
|b Pocket Books,
|c c2009.
|
| 300 |
|
|
|a 503 p. ;
|c 19 cm.
|
| 541 |
|
|
|e 7669
|
| 650 |
|
0 |
|a Rapp, Mitch (Fictitious character)
|v Fiction.
|9 12869
|
| 650 |
|
0 |
|a Intelligence officers
|v Fiction.
|9 12790
|
| 650 |
|
0 |
|a Terrorism investigation
|v Fiction.
|9 16112
|
| 650 |
|
0 |
|a Terrorism
|z Washington (D.C.)
|v Fiction.
|9 16113
|
| 651 |
|
0 |
|a New York (N.Y.)
|v Fiction.
|9 7250
|
| 655 |
|
0 |
|a Political fiction.
|9 5611
|
| 655 |
|
7 |
|a Suspense fiction.
|2 gsafd
|9 12793
|
| 942 |
|
|
|2 ddc
|c BK
|
| 999 |
|
|
|c 36112
|d 36112
|
| 952 |
|
|
|0 0
|1 0
|2 ddc
|4 0
|6 813_000000000000000__54_FLY
|7 0
|9 56740
|a SCL
|b SCL
|c GEN
|d 2015-11-11
|l 0
|o 813.54 FLY
|p 3020007669
|r 2015-11-11
|t 1
|w 2015-11-11
|y BK
|